书目信息 |
| 题名: |
毛泽东箴言
|
|
| 作者: | 毛泽东 著 ;中国中共文献研究会 编订 | |
| 分册: | ||
| 出版信息: | 北京 人民出版社 2017 |
|
| 页数: | 360页 | |
| 开本: | 19cm | |
| 丛书名: | ||
| 单 册: | ||
| 中图分类: | A48 | |
| 科图分类: | ||
| 主题词: | 毛泽东著作--语录 | |
| 电子资源: | ||
| ISBN: | 978-7-01-017972-8 | |
| 000 | 00849nam0 2200229 450 | |
| 001 | 2058 | |
| 005 | 20180522161852.26 | |
| 010 | @a978-7-01-017972-8@b精装@dCNY69.00 | |
| 100 | @a20180315d2017 em y0chiy50 ea | |
| 101 | 0 | @achi |
| 102 | @aCN@b110000 | |
| 105 | @aa z 000yy | |
| 200 | 1 | @a毛泽东箴言@9mao ze dong zhen yan@f中国中共文献研究会编订 |
| 210 | @a北京@c人民出版社@d2017 | |
| 215 | @a360页@c照片@d19cm | |
| 330 | @a本书收入的内容,摘选自《毛泽东选集》第1至4卷、《毛泽东文集》第1至8卷、《建国以来毛泽东文稿》第1至13册,并按毛泽东倡导的对立统一和矛盾转化的辩证方法进行了分类,共有360条。 | |
| 606 | 0 | @a毛泽东著作@x语录 |
| 690 | @aA48@v5 | |
| 701 | 0 | @a毛泽东@9mao ze dong@f(1893-1976)@4著 |
| 712 | 02 | @a中国中共文献研究会@9zhong guo zhong gong wen xian yan jiu hui@4编订 |
| 801 | 0 | @aCN@b91MARC@c20180315 |
| 905 | @aMuseLib@dA48@e57 | |
| 毛泽东箴言/中国中共文献研究会编订.-北京:人民出版社,2017 |
| 360页:照片;19cm |
| ISBN 978-7-01-017972-8(精装):CNY69.00 |
| 本书收入的内容,摘选自《毛泽东选集》第1至4卷、《毛泽东文集》第1至8卷、《建国以来毛泽东文稿》第1至13册,并按毛泽东倡导的对立统一和矛盾转化的辩证方法进行了分类,共有360条。 |
| ● |
| 相关链接 |
|
|
|
|
正题名:毛泽东箴言
索取号:A48/57
 
预约/预借
| 序号 | 登录号 | 条形码 | 馆藏地/架位号 | 状态 | 备注 |
| 1 | 1107785 | 211077859 | 第一样本阅览室/ [索取号:A48/57] | 在馆 | |
| 2 | 1107786 | 211077868 | 教育系资料室/ [索取号:A48/57] | 在馆 | |
| 3 | 1107787 | 211077877 | 教育系资料室/ [索取号:A48/57] | 在馆 | |
| 4 | 1107788 | 211077886 | 第一借阅区/ [索取号:A48/57] | 在馆 |